000 00704nam a22002297a 4500
999 _c159649
_d159649
005 20181227141906.0
006 a|||||f|||| 00| 0
007 tc
008 180720b xxu||||| |||| 00| 0 eng d
010 _aB-347959-B-347960
020 _c40.00
035 _aB-347959
037 _bA.I.C.B.
082 _aS
100 _aBedi,Ramesh
245 _aElephant
_b:lord of the jungle
_cby Ramesh Bedi
260 _aDelhi
_bA.C.I.B.
_cN.D.
270 _aSector-5, Rohini,
_bNew Delhi
_e110085
300 _avarious pages.
_c30cm(HB).
942 _2ddc
_cBRLEN
_hS
_mBED